Statistics for All NFL Teams Ever

Click here to take the quiz!

General Stats

  • This quiz has been taken 46 times
    (35 since last reset)
  • The average score is 52 of 80

Answer Stats

City / Region Team Name % Correct
New EnglandPatriots
100%
AtlantaFalcons
100%
BaltimoreRavens
100%
ArizonaCardinals
100%
BuffaloBills
100%
Kansas CityChiefs / Texans
97%
Kansas CityBlues / Cowboys
97%
TennesseeTitans / Oilers
97%
New YorkJets / Titans
97%
New YorkGiants
97%
CarolinaPanthers
97%
JacksonvilleJaguars
94%
DenverBroncos
94%
MiamiDolphins
94%
Green BayPackers
94%
DallasCowboys
94%
Los AngelesRams
94%
DallasTexans
94%
Las VegasRaiders
94%
PhiladelphiaEagles
94%
BaltimoreColts
94%
PittsburghSteelers / Pirates
94%
CincinnatiBengals
94%
ChicagoBears / Staleys
94%
San Francisco49ers
91%
ClevelandBrowns
91%
WashingtonRedskins / Braves
91%
BrooklynLions
91%
Los AngelesBuccaneers
91%
MinnesotaVikings
91%
Los AngelesChargers
88%
SeattleSeahawks
88%
New OrleansSaints
88%
CincinnatiReds
88%
BrooklynDodgers / Tigers
81%
ChicagoTigers
72%
ColumbusPanhandles / Tigers
72%
ClevelandTigers / Indians
72%
ClevelandIndians / Bulldogs
69%
New YorkBulldogs / Yanks
59%
AkronPros / Indians
59%
BostonMaroons / Bulldogs
59%
CantonBulldogs
59%
HartfordBlues
59%
ClevelandIndians
53%
New YorkYankees
41%
HammondPros
41%
BostonYanks
38%
KenoshaMaroons
34%
MuncieFlyers
31%
FrankfordYellow Jackets
31%
WashingtonSenators
28%
BuffaloAll-Americans / Bisons / Rangers
28%
DaytonTriangles
28%
ProvidenceSteam Roller
28%
DetroitWolverines
19%
TonawandaKardex
19%
NewarkTornadoes
19%
RacineLegion / Tornadoes
19%
DuluthKelleys / Eskimos
19%
MilwaukeeBadgers
16%
EvansvilleCrimson-Giants
16%
RochesterJeffersons
16%
Rock IslandIndependents
13%
St. LouisAll-Stars
13%
St. LouisGunners
13%
Staten IslandStapletons / Stapes
13%
LouisvilleBrecks / Colonels
13%
MinneapolisMarines / Red Jackets
9%
CincinnatiCelts
9%
DetroitHeralds
9%

Score Distribution

Percentile by Number Answered

Percent of People with Each Score

Your Score History

You have not taken this quiz since the last reset